Länder nach Duschgels #8 - Statistiken

Allgemein
  • Dieses Quiz wurde 24 mal gespielt
  • Das Durchschnittsergebnis liegt bei 7 aus 10
Antwortstatistiken
Bildquiz Antwort % Korrekt
Georgien
91%
Schweiz
91%
Zypern
86%
Bangladesch
77%
Seychellen
73%
Papua-Neuguinea
68%
Guatemala
55%
Tadschikistan
55%
Kap Verde
41%
Malawi
41%
Keine übereinstimmenden Quizze gefunden
Verteilung der Resultate
Anzahl Personen mit jedem Resultat
Perzentil nach korrekt beantworteten Fragen
Ihre Resultats-Entwicklung
Sie haben dieses Quiz noch nicht gespielt